| 000 | 00677cam a2200217 i 4500 | ||
|---|---|---|---|
| 999 | _c47510 | ||
| 001 | vtls003275663 | ||
| 003 | MY-SjTCS | ||
| 005 | 20260112140359.0 | ||
| 008 | 180430s1974 my l 000 0 eng d | ||
| 039 | 9 |
_a201809071417 _bVLOAD |
|
| 110 | 1 |
_aMalaysia. _93613 |
|
| 245 | 1 | 0 | _aEnvironmental Quality Act 1974 Act 127 |
| 264 | _c1974 | ||
| 300 | _a1 online resource | ||
| 336 |
_atext _2rdacontent |
||
| 337 |
_acomputer _2rdamedia |
||
| 338 |
_aonline resource _2rdacarrier |
||
| 347 |
_atext file _bPDF _2rda |
||
| 490 | _aLaw of Malaysia | ||
| 856 | 4 | 0 |
_uhttps://www.doe.gov.my/wp-content/uploads/2022/11/Environmental_Quality_Act_1974_-_ACT_127.pdf _zclick to view pdf file |